Click to Build the Map of Africa - Statistics

General Stats
  • This quiz has been taken 50 times
  • The average score is 40 of 54
Answers on the Map
Answers color-coded by a green-red scale on the quiz's map according to % correct below.
 
Answer Stats
Answer % Correct
Algeria
95%
Egypt
93%
Libya
93%
Morocco
93%
South Sudan
93%
Tunisia
93%
Sudan
90%
Mauritania
88%
Djibouti
85%
Niger
85%
Angola
83%
Chad
83%
Eritrea
83%
Nigeria
83%
Somalia
83%
Ethiopia
80%
Kenya
80%
Benin
78%
Congo (Dem. Rep.)
78%
Eswatini
78%
Ghana
78%
Guinea-Bissau
78%
Ivory Coast
78%
Mali
78%
Mozambique
78%
Sierra Leone
78%
Botswana
75%
Burkina Faso
75%
Central African
Republic
75%
Gambia
75%
Guinea
75%
Lesotho
75%
Liberia
75%
Namibia
75%
South Africa
75%
Tanzania
75%
Togo
75%
Zambia
75%
Burundi
73%
Equatorial Guinea
73%
Senegal
73%
Cameroon
70%
Uganda
70%
Zimbabwe
70%
Gabon
65%
Madagascar
65%
Cape Verde
60%
Malawi
60%
Rwanda
60%
Congo (Rep. of)
58%
São Tomé and
Príncipe
58%
Comoros
50%
Mauritius
38%
Seychelles
23%
No matching quizzes found
Score Distribution
Percent of People with Each Score
Percentile by Number Answered
Your Score History
You have not taken this quiz